Nalaganje...
The fauna of british india
| Glavni avtor: | |
|---|---|
| Format: | Printed Book |
| Jezik: | English |
| Izdano: |
London
Taylor and francis
1889
|
| LEADER | 00449nam a22001337a 4500 | ||
|---|---|---|---|
| 005 | 20151028162403.0 | ||
| 008 | 100519t xxu||||| |||| 00| 0 eng d | ||
| 082 | |a 597.0954 |b B9.1 | ||
| 100 | |a Blanford,W.T. |9 26328 | ||
| 245 | |a The fauna of british india | ||
| 942 | |c REF |6 _ | ||
| 260 | |a London |b Taylor and francis |c 1889 | ||
| 999 | |c 81331 |d 81331 | ||
| 952 | |0 0 |1 0 |2 ddc |4 0 |6 5970954_B91 |7 0 |9 94714 |a SOS |b SOS |d 2010-05-19 |o 597.0954 B9.1 |p MS001122 |r 2013-06-14 |w 2010-05-19 |y REF | ||